Départements français par frontières en 60 secondes - Statistiques

Statistiques générales
  • Ce quiz a été pris 48 831 fois
  • Le résultat moyen est 63 sur 101
Réponses sur la Carte
Les réponses sont colorées sur une échelle allant du rouge au vert en fonction du pourcentage des utilisateurs qui les ont devinées à leur premier essai. Vous pouvez retrouver ces pourcentages ci-dessous.
 
Statistiques - réponses
Département % Correct
38 Isère
88%
2 Aisne
86%
71 Saône-et-Loire
86%
80 Somme
86%
92 Hauts-de-Seine
83%
94 Val-de-Marne
83%
42 Loire
82%
59 Nord
82%
69 Rhône (et métropole de Lyon)
82%
93 Seine-Saint-Denis
82%
56 Morbihan
80%
75 Paris
79%
1 Ain
78%
3 Allier
78%
7 Ardèche
78%
22 Côtes-d'Armor
78%
77 Seine-et-Marne
78%
62 Pas-de-Calais
77%
63 Puy-de-Dôme
77%
47 Lot-et-Garonne
73%
60 Oise
73%
35 Ille-et-Vilaine
72%
17 Charente-Maritime
71%
27 Eure
71%
29 Finistère
71%
43 Haute-Loire
71%
84 Vaucluse
71%
18 Cher
70%
24 Dordogne
70%
61 Orne
70%
12 Aveyron
69%
67 Bas-Rhin
69%
28 Eure-et-Loir
69%
40 Landes
69%
49 Maine-et-Loire
69%
51 Marne
69%
54 Meurthe-et-Moselle
68%
88 Vosges
68%
4 Alpes-de-Haute- Provence
67%
50 Manche
67%
53 Mayenne
67%
83 Var
67%
33 Gironde
66%
44 Loire-Atlantique
66%
45 Loiret
66%
11 Aude
65%
14 Calvados
65%
23 Creuse
65%
30 Gard
65%
87 Haute-Vienne
65%
58 Nièvre
65%
73 Savoie
65%
95 Val-d'Oise
65%
13 Bouches-du-Rhône
64%
34 Hérault
64%
39 Jura
63%
31 Haute-Garonne
62%
52 Haute-Marne
62%
76 Seine-Maritime
62%
81 Tarn
62%
89 Yonne
62%
19 Corrèze
61%
36 Indre
61%
41 Loir-et-Cher
61%
55 Meuse
60%
82 Tarn-et-Garonne
60%
8 Ardennes
59%
79 Deux-Sèvres
59%
91 Essonne
59%
32 Gers
59%
68 Haut-Rhin
59%
86 Vienne
59%
10 Aube
58%
21 Côte-d'Or
58%
70 Haute-Saône
58%
6 Alpes-Maritimes
56%
15 Cantal
56%
5 Hautes-Alpes
56%
74 Haute-Savoie
56%
78 Yvelines
56%
46 Lot
55%
57 Moselle
55%
26 Drôme
53%
48 Lozère
53%
64 Pyrénées-Atlantiques
53%
16 Charente
52%
37 Indre-et-Loire
52%
90 Territoire de Belfort
52%
85 Vendée
49%
9 Ariège
47%
72 Sarthe
47%
25 Doubs
44%
65 Hautes-Pyrénées
44%
2A Corse-du-Sud
42%
2B Haute-Corse
42%
66 Pyrénées-Orientales
39%
973 Guyane
28%
974 La Réunion
18%
972 Martinique
18%
971 Guadeloupe
17%
976 Mayotte
15%
Aucun quiz correspondant
Distribution des résultats
% des personnes avec chaque résultat
Percentile par nombre de réponses
Votre historique - résultats
Vous n’avez pas pris ce quiz